00441nam a2200145 i 450000100060000000300090000600500170001500700030003200800410003510000320007624500990010826000370020730000300024485200210027429963ES-MaACL20230906154121.0t|030123s1935 sp a |||| | spa d1 aBaroja, Ricardo,d1871-195313aLa Nao "Capitana" b: cuento español del mar antiguo / cRicardo Baroja ; dibujos del autor. aMadrid : bEspasa Calpe, c1935. a214 p. : bil. ; c23 cm. aES-MaACLjA-4318